[Event "XVII Open Internacional Villa de Ibi"]
[Site "Ibi, Spain"]
[Date "2019.09.08"]
[Round "3.6"]
[White "Martinez Tormo, Jorge"]
[Black "Granero Roca, Antonio"]
[Result "0-1"]
[WhiteElo "2119"]
[BlackElo "2354"]
[PlyCount "122"]
[EventDate "2019.??.??"]

1. e4 {[%clk 00:15:03]} 1... c5 {[%clk 00:15:02]  [%emt 00:00:09]} 2. Nf3 {
[%clk 00:15:04]} 2... Nc6 {[%clk 00:15:02]} 3. d4 {[%clk 00:15:05]} 3... cxd4 {
[%clk 00:15:02]} 4. Nxd4 {[%clk 00:15:05]  [%emt 00:00:25]} 4... g6 {
[%clk 00:15:01]} 5. Nc3 {[%clk 00:15:06]} 5... Nf6 {[%clk 00:14:57]} 6. Bc4 {
[%clk 00:15:04]} 6... Bg7 {[%clk 00:14:55]} 7. Be3 {[%clk 00:15:04]} 7... d6 {
[%clk 00:14:51]  [%emt 00:00:15]} 8. f3 {[%clk 00:14:50]  [%emt 00:00:06]} 8...
O-O {[%clk 00:14:50]  [%emt 00:00:13]} 9. Bb3 {[%clk 00:14:49]} 9... a5 {
[%clk 00:14:48]} 10. Qd2 {[%clk 00:14:40]  [%emt 00:00:43]} 10... Nxd4 {
[%clk 00:14:38]} 11. Bxd4 {[%clk 00:14:39]  [%emt 00:00:04]} 11... Be6 {
[%clk 00:14:39]} 12. O-O {[%clk 00:13:50]  [%emt 00:00:26]} 12... Nd7 {
[%clk 00:14:22]  [%emt 00:00:25]} 13. Kh1 {[%clk 00:13:35]  [%emt 00:00:44]}
13... Bxd4 {[%clk 00:14:02]} 14. Qxd4 {[%clk 00:13:36]} 14... Qb6 {
[%clk 00:14:02]} 15. Rad1 {[%clk 00:12:59]  [%emt 00:00:30]} 15... Rac8 {
[%clk 00:13:39]  [%emt 00:00:26]} 16. Rf2 {[%clk 00:12:37]  [%emt 00:00:22]}
16... Qxd4 {[%clk 00:13:24]  [%emt 00:00:18]} 17. Rxd4 {
[%clk 00:12:35]  [%emt 00:00:20]} 17... Ne5 {[%clk 00:13:13]} 18. Bd5 {
[%clk 00:11:13]  [%emt 00:01:23]} 18... b6 {[%clk 00:13:04]  [%emt 00:00:25]}
19. Nd1 {[%clk 00:09:40]  [%emt 00:01:21]} 19... Rc5 {
[%clk 00:12:33]  [%emt 00:00:32]} 20. Ne3 {[%clk 00:09:28]  [%emt 00:00:27]}
20... Rfc8 {[%clk 00:12:11]  [%emt 00:00:58]} 21. f4 {[%clk 00:09:16]} 21...
Ng4 {[%clk 00:11:49]} 22. Nxg4 {[%clk 00:09:10]} 22... Bxg4 {
[%clk 00:11:49]  [%emt 00:00:07]} 23. c3 {[%clk 00:08:13]  [%emt 00:01:32]}
23... Be6 {[%clk 00:11:49]} 24. h3 {[%clk 00:07:56]} 24... Kf8 {
[%clk 00:11:27]  [%emt 00:00:15]} 25. g4 {[%clk 00:07:32]  [%emt 00:00:15]}
25... b5 {[%clk 00:11:04]  [%emt 00:00:25]} 26. Kg2 {
[%clk 00:07:15]  [%emt 00:00:19]} 26... Ke8 {[%clk 00:10:38]  [%emt 00:00:53]}
27. Rfd2 {[%clk 00:07:10]} 27... Kd7 {[%clk 00:10:06]  [%emt 00:00:19]} 28. Kf3
{[%clk 00:06:57]  [%emt 00:00:12]} 28... Bxd5 {[%clk 00:09:53]  [%emt 00:00:15]
} 29. exd5 {[%clk 00:06:46]  [%emt 00:01:03]} 29... Rc4 {[%clk 00:09:43]} 30.
Rxc4 {[%clk 00:06:00]  [%emt 00:00:10]} 30... Rxc4 {
[%clk 00:09:40]  [%emt 00:00:17]} 31. Rd4 {[%clk 00:06:01]} 31... Rc5 {
[%clk 00:08:13]  [%emt 00:01:43]} 32. Ke4 {[%clk 00:05:43]  [%emt 00:00:11]}
32... e6 {[%clk 00:08:13]} 33. a3 {[%clk 00:04:31]  [%emt 00:01:02]} 33... f5+
{[%clk 00:07:51]  [%emt 00:00:28]} 34. Ke3 {[%clk 00:03:49]  [%emt 00:00:43]}
34... e5 {[%clk 00:07:45]  [%emt 00:00:10]} 35. Rd2 {
[%clk 00:03:31]  [%emt 00:00:23]} 35... Rc4 {[%clk 00:07:41]} 36. gxf5 {
[%clk 00:02:28]  [%emt 00:01:04]} 36... gxf5 {[%clk 00:07:33]  [%emt 00:00:13]}
37. Rf2 {[%clk 00:02:15]  [%emt 00:00:12]} 37... Re4+ {
[%clk 00:07:27]  [%emt 00:00:07]} 38. Kd3 {[%clk 00:02:16]} 38... exf4 {
[%clk 00:07:16]  [%emt 00:00:37]} 39. b3 {[%clk 00:02:18]} 39... a4 {
[%clk 00:07:06]} 40. bxa4 {[%clk 00:02:06]  [%emt 00:00:08]} 40... Rxa4 {
[%clk 00:07:05]  [%emt 00:00:04]} 41. Rb2 {[%clk 00:01:42]  [%emt 00:00:18]}
41... Ke7 {[%clk 00:06:46]  [%emt 00:00:21]} 42. Rb4 {
[%clk 00:01:40]  [%emt 00:00:27]} 42... Rxa3 {[%clk 00:06:44]} 43. Rxf4 {
[%clk 00:01:38]} 43... Kf6 {[%clk 00:06:45]} 44. Rh4 {
[%clk 00:01:26]  [%emt 00:00:25]} 44... Kg6 {[%clk 00:06:41]} 45. Rb4 {
[%clk 00:01:26]} 45... Ra5 {[%clk 00:06:34]} 46. Rb2 {[%clk 00:01:22]} 46...
Kf6 {[%clk 00:06:27]  [%emt 00:00:17]} 47. Re2 {[%clk 00:01:22]} 47... Ra6 {
[%clk 00:06:19]  [%emt 00:00:03]} 48. h4 {[%clk 00:01:19]  [%emt 00:00:06]}
48... f4 {[%clk 00:06:11]  [%emt 00:00:11]} 49. Ke4 {
[%clk 00:01:16]  [%emt 00:00:06]} 49... Ra4+ {[%clk 00:06:10]  [%emt 00:00:04]}
50. Kf3 {[%clk 00:01:17]} 50... Kf5 {[%clk 00:06:10]} 51. Re8 {
[%clk 00:01:14]  [%emt 00:00:15]} 51... Rc4 {[%clk 00:06:03]} 52. Rf8+ {
[%clk 00:00:48]  [%emt 00:00:28]} 52... Ke5 {[%clk 00:06:03]} 53. Re8+ {
[%clk 00:00:50]} 53... Kxd5 {[%clk 00:06:04]  [%emt 00:00:04]} 54. Rf8 {
[%clk 00:00:51]} 54... Rxc3+ {[%clk 00:05:47]  [%emt 00:00:17]} 55. Kxf4 {
[%clk 00:00:52]  [%emt 00:00:03]} 55... Rc1 {[%clk 00:05:47]} 56. Kg5 {
[%clk 00:00:44]  [%emt 00:00:17]} 56... Rc7 {[%clk 00:05:45]} 57. Rb8 {
[%clk 00:00:41]  [%emt 00:00:03]} 57... Kc4 {[%clk 00:05:41]  [%emt 00:00:08]}
58. h5 {[%clk 00:00:42]} 58... b4 {[%clk 00:05:42]  [%emt 00:00:04]} 59. h6 {
[%clk 00:00:41]} 59... b3 {[%clk 00:05:42]} 60. Kf6 {
[%clk 00:00:39]  [%emt 00:00:06]} 60... d5 {[%clk 00:05:36]  [%emt 00:00:04]}
61. Ke5 {[%clk 00:00:34]  [%emt 00:00:34]} 61... d4 {[%clk 00:05:25]} 0-1

[Event "XVII Open Internacional Villa de Ibi"]
[Site "Ibi, Spain"]
[Date "2019.09.08"]
[Round "3.7"]
[White "Rubio Tent, Francisco"]
[Black "Pedros Viudes, Santiago"]
[Result "1-0"]
[WhiteElo "2346"]
[BlackElo "2069"]
[PlyCount "39"]
[EventDate "2019.??.??"]

1. e4 {[%clk 00:15:01]} 1... e6 {[%clk 00:15:02]} 2. d4 {[%clk 00:15:01]} 2...
d5 {[%clk 00:15:03]} 3. exd5 {[%clk 00:15:02]} 3... exd5 {
[%clk 00:15:04]  [%emt 00:00:17]} 4. Nf3 {[%clk 00:15:03]} 4... Nc6 {
[%clk 00:14:51]  [%emt 00:00:20]} 5. c4 {[%clk 00:14:59]} 5... Bb4+ {
[%clk 00:14:48]} 6. Nc3 {[%clk 00:15:00]  [%emt 00:00:09]} 6... Qe7+ {
[%clk 00:14:12]  [%emt 00:00:22]} 7. Be2 {[%clk 00:14:36]  [%emt 00:00:28]}
7... Be6 {[%clk 00:13:45]  [%emt 00:01:23]} 8. O-O {[%clk 00:14:25]} 8... Nf6 {
[%clk 00:09:19]  [%emt 00:03:46]} 9. Bg5 {[%clk 00:13:58]  [%emt 00:00:35]}
9... O-O-O {[%clk 00:07:32]  [%emt 00:01:41]} 10. c5 {
[%clk 00:12:48]  [%emt 00:01:14]} 10... Bxc3 {[%clk 00:06:53]  [%emt 00:00:42]}
11. bxc3 {[%clk 00:12:48]  [%emt 00:00:03]} 11... h6 {
[%clk 00:06:48]  [%emt 00:00:04]} 12. Bxf6 {[%clk 00:11:19]  [%emt 00:01:31]}
12... Qxf6 {[%clk 00:06:15]  [%emt 00:00:39]} 13. Rb1 {
[%clk 00:10:22]  [%emt 00:00:54]} 13... Na5 {[%clk 00:05:22]  [%emt 00:00:56]}
14. Qa4 {[%clk 00:10:11]  [%emt 00:00:24]} 14... b6 {
[%clk 00:04:48]  [%emt 00:00:24]} 15. Ba6+ {[%clk 00:10:09]  [%emt 00:00:23]}
15... Kb8 {[%clk 00:03:23]  [%emt 00:01:35]} 16. Qxa5 {[%clk 00:09:59]} 16...
Bh3 {[%clk 00:02:20]  [%emt 00:00:57]} 17. cxb6 {
[%clk 00:08:58]  [%emt 00:00:57]} 17... cxb6 {[%clk 00:02:11]  [%emt 00:00:15]}
18. Rfe1 {[%clk 00:08:49]  [%emt 00:00:09]} 18... Rhe8 {
[%clk 00:01:27]  [%emt 00:00:44]} 19. Rxe8 {[%clk 00:08:33]  [%emt 00:00:18]}
19... Rxe8 {[%clk 00:01:28]  [%emt 00:00:04]} 20. Qxd5 {
[%clk 00:08:27]  [%emt 00:00:17]} 1-0

[Event "XVII Open Internacional Villa de Ibi"]
[Site "Ibi, Spain"]
[Date "2019.09.08"]
[Round "3.8"]
[White "Garcia Gimenez, Santiago"]
[Black "Camarena Jimenez, Rufino"]
[Result "0-1"]
[WhiteElo "2101"]
[BlackElo "2328"]
[PlyCount "80"]
[EventDate "2019.??.??"]

1. Nf3 {[%clk 00:14:54]} 1... d5 {[%clk 00:14:40]} 2. b3 {[%clk 00:14:55]} 2...
Nf6 {[%clk 00:14:31]} 3. Bb2 {[%clk 00:14:54]  [%emt 00:00:04]} 3... Bg4 {
[%clk 00:14:25]  [%emt 00:00:06]} 4. e3 {[%clk 00:14:41]  [%emt 00:00:13]} 4...
e6 {[%clk 00:14:19]  [%emt 00:00:12]} 5. Be2 {[%clk 00:14:30]  [%emt 00:00:12]}
5... Be7 {[%clk 00:14:02]  [%emt 00:00:43]} 6. O-O {[%clk 00:14:28]} 6... O-O {
[%clk 00:14:01]} 7. c4 {[%clk 00:14:22]} 7... c6 {
[%clk 00:13:45]  [%emt 00:00:22]} 8. d4 {[%clk 00:14:02]  [%emt 00:00:06]} 8...
Nbd7 {[%clk 00:13:35]  [%emt 00:00:32]} 9. Nbd2 {
[%clk 00:13:27]  [%emt 00:00:18]} 9... h6 {[%clk 00:13:18]  [%emt 00:00:20]}
10. h3 {[%clk 00:13:12]  [%emt 00:00:15]} 10... Bf5 {
[%clk 00:13:12]  [%emt 00:00:54]} 11. c5 {[%clk 00:12:54]} 11... Ne4 {
[%clk 00:12:26]  [%emt 00:00:40]} 12. Nxe4 {[%clk 00:12:36]  [%emt 00:00:07]}
12... Bxe4 {[%clk 00:12:07]  [%emt 00:00:20]} 13. b4 {[%clk 00:12:36]} 13...
Bf6 {[%clk 00:11:59]  [%emt 00:00:10]} 14. Nd2 {
[%clk 00:12:08]  [%emt 00:00:27]} 14... Bg6 {[%clk 00:11:51]  [%emt 00:00:23]}
15. f4 {[%clk 00:12:08]} 15... a6 {[%clk 00:11:02]  [%emt 00:00:42]} 16. a4 {
[%clk 00:12:00]  [%emt 00:00:29]} 16... a5 {[%clk 00:10:59]} 17. Qb3 {
[%clk 00:11:39]  [%emt 00:00:10]} 17... axb4 {[%clk 00:10:47]  [%emt 00:00:15]}
18. Qxb4 {[%clk 00:11:39]} 18... Qc8 {[%clk 00:09:24]  [%emt 00:01:22]} 19. a5
{[%clk 00:10:41]  [%emt 00:01:03]} 19... Bd8 {[%clk 00:09:08]  [%emt 00:00:16]}
20. Bc3 {[%clk 00:10:30]  [%emt 00:00:20]} 20... Bc7 {
[%clk 00:08:57]  [%emt 00:00:17]} 21. Ra2 {[%clk 00:09:40]  [%emt 00:00:51]}
21... Ra7 {[%clk 00:08:44]  [%emt 00:00:15]} 22. Rfa1 {
[%clk 00:09:32]  [%emt 00:00:05]} 22... Nb8 {[%clk 00:07:55]  [%emt 00:00:46]}
23. Qb2 {[%clk 00:07:10]  [%emt 00:02:27]} 23... f6 {
[%clk 00:07:47]  [%emt 00:00:07]} 24. Nf3 {[%clk 00:06:35]  [%emt 00:00:53]}
24... Re8 {[%clk 00:07:35]} 25. Qd2 {[%clk 00:06:23]  [%emt 00:00:15]} 25...
Be4 {[%clk 00:07:15]  [%emt 00:00:18]} 26. Bd3 {
[%clk 00:06:00]  [%emt 00:00:46]} 26... Na6 {[%clk 00:04:38]  [%emt 00:02:23]}
27. Bxe4 {[%clk 00:05:49]  [%emt 00:00:13]} 27... dxe4 {
[%clk 00:04:38]  [%emt 00:00:03]} 28. Ne1 {[%clk 00:05:47]} 28... Bb8 {
[%clk 00:04:07]  [%emt 00:00:40]} 29. Qc2 {[%clk 00:05:02]  [%emt 00:00:48]}
29... f5 {[%clk 00:04:06]} 30. Rb1 {[%clk 00:04:56]  [%emt 00:00:04]} 30... Nc7
{[%clk 00:03:52]  [%emt 00:00:19]} 31. Rb3 {[%clk 00:04:12]  [%emt 00:00:42]}
31... Nd5 {[%clk 00:03:48]  [%emt 00:00:07]} 32. Bd2 {[%clk 00:04:13]} 32... g5
{[%clk 00:03:28]  [%emt 00:00:44]} 33. g3 {[%clk 00:03:53]  [%emt 00:00:04]}
33... gxf4 {[%clk 00:03:07]  [%emt 00:00:23]} 34. gxf4 {[%clk 00:03:54]} 34...
Kh7 {[%clk 00:03:07]} 35. Kh1 {[%clk 00:03:46]  [%emt 00:00:06]} 35... Rg8 {
[%clk 00:03:07]  [%emt 00:00:48]} 36. Rab2 {[%clk 00:03:41]} 36... Rg7 {
[%clk 00:03:00]} 37. Ng2 {[%clk 00:03:12]  [%emt 00:00:13]} 37... Qe8 {
[%clk 00:02:45]  [%emt 00:00:22]} 38. Qd1 {[%clk 00:02:56]  [%emt 00:00:10]}
38... Qg6 {[%clk 00:02:38]  [%emt 00:00:03]} 39. Be1 {
[%clk 00:02:52]  [%emt 00:00:06]} 39... Bc7 {[%clk 00:01:57]  [%emt 00:01:09]}
40. Rxb7 {[%clk 00:02:51]} 40... Rxb7 {[%clk 00:01:57]} 0-1

[Event "XVII Open Internacional Villa de Ibi"]
[Site "Ibi, Spain"]
[Date "2019.09.06"]
[Round "4.1"]
[White "Cruz Lledo, Pablo"]
[Black "Rubio Tent, Francisco"]
[Result "1-0"]
[WhiteElo "2452"]
[BlackElo "2346"]
[PlyCount "65"]
[EventDate "2019.??.??"]

1. d4 {[%clk 00:15:01]  [%emt 00:00:31]} 1... d5 {[%clk 00:14:59]} 2. Nf3 {
[%clk 00:15:02]} 2... e6 {[%clk 00:15:00]} 3. e3 {[%clk 00:15:03]} 3... c5 {
[%clk 00:15:01]} 4. c4 {[%clk 00:15:04]} 4... Nc6 {[%clk 00:15:02]} 5. dxc5 {
[%clk 00:14:58]  [%emt 00:00:03]} 5... Bxc5 {[%clk 00:14:57]} 6. a3 {
[%clk 00:14:56]  [%emt 00:00:03]} 6... Nf6 {[%clk 00:14:39]  [%emt 00:00:23]}
7. b4 {[%clk 00:14:55]} 7... Bd6 {[%clk 00:14:25]  [%emt 00:00:14]} 8. Bb2 {
[%clk 00:14:49]  [%emt 00:00:10]} 8... O-O {[%clk 00:14:03]  [%emt 00:00:21]}
9. Nbd2 {[%clk 00:14:44]  [%emt 00:00:34]} 9... Qe7 {
[%clk 00:13:24]  [%emt 00:00:14]} 10. Be2 {[%clk 00:14:34]  [%emt 00:00:52]}
10... Rd8 {[%clk 00:12:36]  [%emt 00:00:26]} 11. cxd5 {[%clk 00:14:24]} 11...
exd5 {[%clk 00:12:32]  [%emt 00:00:05]} 12. O-O {
[%clk 00:14:16]  [%emt 00:00:13]} 12... Bg4 {[%clk 00:12:24]  [%emt 00:00:04]}
13. h3 {[%clk 00:14:01]  [%emt 00:00:20]} 13... Bh5 {
[%clk 00:12:23]  [%emt 00:00:03]} 14. Nd4 {[%clk 00:13:53]  [%emt 00:00:09]}
14... Qe5 {[%emt 00:00:34]} 15. g3 {[%clk 00:13:47]  [%emt 00:00:12]} 15...
Bxe2 {[%clk 00:10:55]  [%emt 00:00:54]} 16. Qxe2 {
[%clk 00:13:47]  [%emt 00:00:08]} 16... Nxd4 {[%clk 00:10:15]  [%emt 00:00:37]}
17. Bxd4 {[%clk 00:13:47]  [%emt 00:00:04]} 17... Qf5 {
[%clk 00:10:08]  [%emt 00:00:39]} 18. Qf3 {[%clk 00:13:27]  [%emt 00:00:04]}
18... Qxf3 {[%clk 00:09:00]  [%emt 00:00:54]} 19. Nxf3 {
[%clk 00:13:27]  [%emt 00:00:23]} 19... a5 {[%clk 00:08:52]  [%emt 00:00:15]}
20. bxa5 {[%clk 00:12:53]  [%emt 00:00:09]} 20... Rdc8 {
[%clk 00:08:32]  [%emt 00:00:34]} 21. Bb6 {[%clk 00:12:46]  [%emt 00:00:04]}
21... Rc3 {[%clk 00:07:46]  [%emt 00:00:39]} 22. a4 {
[%clk 00:11:32]  [%emt 00:01:27]} 22... Nd7 {[%clk 00:05:59]  [%emt 00:01:41]}
23. Rfd1 {[%clk 00:11:32]  [%emt 00:00:15]} 23... Nxb6 {
[%clk 00:04:19]  [%emt 00:01:31]} 24. axb6 {[%clk 00:11:32]  [%emt 00:00:04]}
24... Bc5 {[%clk 00:02:20]  [%emt 00:02:07]} 25. a5 {
[%clk 00:11:16]  [%emt 00:00:08]} 25... Rd8 {[%clk 00:01:27]  [%emt 00:00:54]}
26. Nd4 {[%clk 00:11:12]  [%emt 00:00:18]} 26... Bb4 {
[%clk 00:01:07]  [%emt 00:01:13]} 27. a6 {[%clk 00:10:54]} 27... bxa6 {
[%clk 00:01:06]} 28. Rxa6 {[%clk 00:10:55]} 28... Bc5 {[%clk 00:00:32]} 29. b7
{[%clk 00:10:55]  [%emt 00:00:04]} 29... Bxd4 {[%clk 00:00:20]  [%emt 00:00:14]
} 30. Rxd4 {[%clk 00:10:53]  [%emt 00:00:03]} 30... Rb3 {
[%clk 00:00:08]  [%emt 00:00:19]} 31. Ra8 {[%clk 00:10:44]  [%emt 00:00:03]}
31... Rf8 {[%clk 00:00:05]  [%emt 00:00:07]} 32. Rxd5 {
[%clk 00:10:27]  [%emt 00:00:16]} 32... Rxb7 {[%clk 00:00:06]  [%emt 00:00:12]}
33. Rdd8 {[%clk 00:10:28]} 1-0

[Event "XVII Open Internacional Villa de Ibi"]
[Site "Ibi, Spain"]
[Date "2019.09.06"]
[Round "4.2"]
[White "Camarena Jimenez, Rufino"]
[Black "Giaccio, Alfredo"]
[Result "0-1"]
[WhiteElo "2328"]
[BlackElo "2420"]
[PlyCount "80"]
[EventDate "2019.??.??"]

1. d4 {[%clk 00:15:02]  [%emt 00:00:03]} 1... e6 {
[%clk 00:15:02]  [%emt 00:00:03]} 2. c4 {[%clk 00:15:01]  [%emt 00:00:03]} 2...
Bb4+ {[%clk 00:14:56]  [%emt 00:00:40]} 3. Bd2 {[%clk 00:15:01]} 3... a5 {
[%clk 00:14:56]} 4. Nf3 {[%clk 00:15:01]} 4... d6 {[%clk 00:14:43]} 5. g3 {
[%clk 00:14:57]} 5... Qe7 {[%clk 00:14:37]  [%emt 00:00:18]} 6. Bg2 {
[%clk 00:14:29]  [%emt 00:00:12]} 6... e5 {[%clk 00:14:33]  [%emt 00:00:34]} 7.
O-O {[%clk 00:14:22]  [%emt 00:00:04]} 7... Bxd2 {
[%clk 00:14:01]  [%emt 00:00:12]} 8. Qxd2 {[%clk 00:14:15]  [%emt 00:00:11]}
8... Nd7 {[%clk 00:13:50]  [%emt 00:00:09]} 9. Nc3 {
[%clk 00:14:05]  [%emt 00:00:16]} 9... Ngf6 {[%clk 00:13:50]  [%emt 00:00:04]}
10. Nd5 {[%clk 00:13:21]  [%emt 00:00:40]} 10... Nxd5 {
[%clk 00:12:49]  [%emt 00:01:19]} 11. cxd5 {[%clk 00:13:16]} 11... e4 {
[%clk 00:11:04]  [%emt 00:01:58]} 12. Ng5 {[%clk 00:10:27]  [%emt 00:02:31]}
12... f5 {[%clk 00:10:32]  [%emt 00:00:33]} 13. Ne6 {
[%clk 00:04:43]  [%emt 00:05:47]} 13... Nf6 {[%clk 00:10:21]  [%emt 00:00:15]}
14. Qg5 {[%clk 00:04:22]  [%emt 00:00:39]} 14... Bxe6 {
[%clk 00:09:12]  [%emt 00:00:55]} 15. dxe6 {[%clk 00:04:21]  [%emt 00:00:04]}
15... g6 {[%clk 00:09:11]  [%emt 00:00:03]} 16. Rac1 {
[%clk 00:02:28]  [%emt 00:02:04]} 16... c6 {[%clk 00:09:08]} 17. Qh6 {
[%clk 00:02:28]} 17... Ng4 {[%clk 00:07:29]  [%emt 00:01:49]} 18. Qf4 {
[%clk 00:02:16]  [%emt 00:00:03]} 18... Qxe6 {[%clk 00:07:29]  [%emt 00:00:04]}
19. d5 {[%clk 00:02:14]  [%emt 00:00:04]} 19... Qxd5 {
[%clk 00:07:29]  [%emt 00:00:03]} 20. Rfd1 {[%clk 00:02:12]  [%emt 00:00:04]}
20... Qe5 {[%clk 00:07:30]} 21. Rxd6 {[%clk 00:02:02]  [%emt 00:00:10]} 21...
Qxf4 {[%clk 00:07:30]  [%emt 00:00:03]} 22. gxf4 {
[%clk 00:02:02]  [%emt 00:00:11]} 22... Ke7 {[%clk 00:07:31]} 23. Rd2 {
[%clk 00:01:49]  [%emt 00:00:17]} 23... Rhd8 {[%clk 00:07:22]  [%emt 00:00:14]}
24. Rdc2 {[%clk 00:01:48]} 24... Nf6 {[%clk 00:06:29]  [%emt 00:01:07]} 25. e3
{[%clk 00:01:29]  [%emt 00:00:03]} 25... Rd5 {[%clk 00:06:09]  [%emt 00:00:18]}
26. Kf1 {[%clk 00:01:04]  [%emt 00:00:26]} 26... Rad8 {
[%clk 00:05:30]  [%emt 00:00:48]} 27. Ke1 {[%clk 00:01:04]} 27... Kd6 {
[%clk 00:04:11]  [%emt 00:01:14]} 28. h3 {[%clk 00:00:57]  [%emt 00:00:15]}
28... Kc7 {[%clk 00:04:06]  [%emt 00:00:05]} 29. Bf1 {
[%clk 00:00:53]  [%emt 00:00:03]} 29... Nd7 {[%clk 00:03:43]  [%emt 00:00:24]}
30. a3 {[%clk 00:00:43]  [%emt 00:00:37]} 30... Kb6 {[%clk 00:03:33]} 31. Bc4 {
[%clk 00:00:40]} 31... Rd6 {[%clk 00:03:33]  [%emt 00:00:04]} 32. Be2 {
[%clk 00:00:31]  [%emt 00:00:06]} 32... Nf8 {[%clk 00:03:11]  [%emt 00:00:53]}
33. Bc4 {[%clk 00:00:29]} 33... h6 {[%clk 00:03:03]  [%emt 00:00:03]} 34. Ke2 {
[%clk 00:00:26]} 34... g5 {[%clk 00:02:51]  [%emt 00:00:04]} 35. Rg1 {
[%clk 00:00:21]  [%emt 00:00:04]} 35... Nh7 {[%clk 00:02:51]  [%emt 00:00:20]}
36. fxg5 {[%clk 00:00:19]} 36... Nxg5 {[%clk 00:02:44]} 37. h4 {
[%clk 00:00:16]  [%emt 00:00:06]} 37... Nf3 {[%clk 00:02:38]} 38. Rg7 {
[%clk 00:00:16]  [%emt 00:00:07]} 38... Rd2+ {[%clk 00:02:36]} 39. Rxd2 {
[%clk 00:00:17]} 39... Rxd2+ {[%clk 00:02:37]  [%emt 00:00:04]} 40. Kf1 {
[%clk 00:00:18]} 40... Rd1+ {[%clk 00:02:38]} 0-1

[Event "XVII Open Internacional Villa de Ibi"]
[Site "Ibi, Spain"]
[Date "2019.09.06"]
[Round "4.3"]
[White "Valmana Canto, Jaime"]
[Black "Ibanez Aullana, Ramon"]
[Result "0-1"]
[WhiteElo "2416"]
[BlackElo "2328"]
[PlyCount "66"]
[EventDate "2019.??.??"]

1. Nf3 {[%clk 00:15:01]  [%emt 00:00:04]} 1... Nf6 {
[%clk 00:15:00]  [%emt 00:00:05]} 2. g3 {[%clk 00:15:01]} 2... b6 {
[%clk 00:14:56]  [%emt 00:00:14]} 3. d3 {[%clk 00:14:46]  [%emt 00:00:07]} 3...
d5 {[%clk 00:14:44]  [%emt 00:00:32]} 4. c4 {[%clk 00:14:14]  [%emt 00:00:32]}
4... c6 {[%clk 00:12:24]  [%emt 00:02:22]} 5. b3 {
[%clk 00:13:04]  [%emt 00:00:56]} 5... g6 {[%clk 00:12:00]  [%emt 00:00:26]} 6.
Bb2 {[%clk 00:13:03]  [%emt 00:00:06]} 6... Bg7 {[%clk 00:12:00]} 7. Bg2 {
[%clk 00:13:02]  [%emt 00:00:08]} 7... O-O {[%clk 00:11:53]  [%emt 00:00:06]}
8. O-O {[%clk 00:13:01]  [%emt 00:00:06]} 8... Bb7 {
[%clk 00:11:07]  [%emt 00:00:42]} 9. Nbd2 {[%clk 00:11:33]  [%emt 00:01:32]}
9... c5 {[%clk 00:10:16]  [%emt 00:00:51]} 10. cxd5 {
[%clk 00:11:31]  [%emt 00:00:11]} 10... Nxd5 {[%clk 00:09:32]  [%emt 00:00:57]}
11. Bxg7 {[%clk 00:11:28]  [%emt 00:00:04]} 11... Kxg7 {[%clk 00:09:33]} 12.
Qc2 {[%clk 00:10:09]  [%emt 00:01:12]} 12... Nc6 {
[%clk 00:09:16]  [%emt 00:00:13]} 13. Qb2+ {[%clk 00:10:01]  [%emt 00:00:19]}
13... Kg8 {[%clk 00:08:26]  [%emt 00:00:57]} 14. Rfd1 {
[%clk 00:09:44]  [%emt 00:00:05]} 14... Nc7 {[%clk 00:08:11]  [%emt 00:00:19]}
15. a3 {[%clk 00:08:07]  [%emt 00:01:54]} 15... Nd4 {
[%clk 00:07:43]  [%emt 00:00:12]} 16. Nxd4 {[%clk 00:06:06]  [%emt 00:02:03]}
16... Bxg2 {[%clk 00:07:44]  [%emt 00:00:38]} 17. Nf5 {
[%clk 00:05:21]  [%emt 00:00:13]} 17... gxf5 {[%clk 00:07:19]  [%emt 00:00:24]}
18. Kxg2 {[%clk 00:05:20]  [%emt 00:00:30]} 18... Qd5+ {[%clk 00:06:59]} 19.
Nf3 {[%clk 00:05:20]} 19... Ne6 {[%clk 00:06:45]  [%emt 00:00:12]} 20. e4 {
[%clk 00:03:31]  [%emt 00:01:52]} 20... fxe4 {[%clk 00:06:41]  [%emt 00:00:35]}
21. dxe4 {[%clk 00:03:32]} 21... Qxe4 {[%clk 00:06:42]} 22. Re1 {
[%clk 00:03:32]  [%emt 00:00:06]} 22... Qc6 {[%clk 00:06:23]} 23. Rad1 {
[%clk 00:01:09]  [%emt 00:02:50]} 23... Rad8 {[%clk 00:06:22]} 24. Qe5 {
[%clk 00:00:53]  [%emt 00:00:03]} 24... f6 {[%clk 00:04:19]  [%emt 00:01:48]}
25. Qf5 {[%clk 00:00:54]} 25... Rxd1 {[%emt 00:00:31]} 26. Rxe6 {
[%clk 00:00:42]  [%emt 00:00:07]} 26... Qd5 {[%clk 00:03:57]  [%emt 00:00:06]}
27. Qg4+ {[%clk 00:00:28]  [%emt 00:00:12]} 27... Kf7 {
[%clk 00:03:50]  [%emt 00:00:11]} 28. Re3 {[%clk 00:00:25]  [%emt 00:00:07]}
28... Rd3 {[%clk 00:03:08]  [%emt 00:00:41]} 29. Rxd3 {
[%clk 00:00:14]  [%emt 00:00:39]} 29... Qxd3 {[%clk 00:03:09]} 30. Qa4 {
[%clk 00:00:05]  [%emt 00:00:04]} 30... Rd8 {[%clk 00:02:50]  [%emt 00:00:05]}
31. Qxa7 {[%clk 00:00:05]  [%emt 00:00:18]} 31... Qe4 {
[%clk 00:02:28]  [%emt 00:00:29]} 32. Qc7 {[%clk 00:00:03]} 32... Rd3 {
[%clk 00:02:27]} 33. Qf4 {[%clk 00:00:03]} 33... Qxf4 {
[%clk 00:01:58]  [%emt 00:00:17]} 0-1